Memorials of the Hon. Ion Keith-Falconer : M. A., late Lord Almoner's professor of Arabic in the University of Cambridge, and missionary to the Mohammedans of southern Arabia /

محفوظ في:

المؤلف الرئيسي: Sinker, Robert, 1838-1913 (مؤلف)

التنسيق: كتاب

اللغة: English

منشور في: Cambridge [England] : Deighton, Bell and Co., 1888.

الطبعة: 5th ed.

الموضوعات:

الوسوم: إضافة وسم

لا توجد وسوم, كن أول من يضع وسما على هذه التسجيلة!

رقم الطلب: BV3182 .K4 S5 1888

LEADER 00825nam a2200217u 4500
001 456
003 OSt
005 20251021114334.0
008 130303s1888 enkab 000 0beng d
035 |a rdb03487967 
040 |c ARCE Library 
050 4 |a BV3182 .K4 S5 1888 
100 1 |a Sinker, Robert,  |d 1838-1913,  |e author  |9 40142 
245 1 0 |a Memorials of the Hon. Ion Keith-Falconer :  |b M. A., late Lord Almoner's professor of Arabic in the University of Cambridge, and missionary to the Mohammedans of southern Arabia /  |c by the Rev. Robert Sinker. 
250 |a 5th ed. 
264 1 |a Cambridge [England] :  |b Deighton, Bell and Co.,  |c 1888. 
300 |a viii, 280 pages :  |b illustrations, map ;  |c 21 cm. 
600 1 0 |a Keith-Falconer, I. G. N.,   |q (Ion Grant Neville),   |d 1856-1887. 
901 |a reviewed 
942 |c BK  |2 lcc 
999 |c 1837  |d 1837